MARC
| LEADER | 00000nam a2200000Ia 4500 | ||
|---|---|---|---|
| 008 | 170316s9999 xx 000 0 und d | ||
| 040 | |a cru BVZT | ||
| 090 | |a 862 G-29du | ||
| 100 | |a Gómez de la Serna, Ramón | ||
| 245 | |a El dueño del átomo | ||
| 260 | |a Buenos Aires, Argentina |b Losada |c 1945 | ||
| 300 | |a 227 páginas | ||
| 650 | |a LITERATURA ESPAÑOLA | ||
| 999 | |c 9905 |d 9905 | ||
| 942 | |c 15 D |h 862 G-29du |2 z | ||
